| 000 | 00559nam a2200145Ia 4500 | ||
|---|---|---|---|
| 008 | 100122s9999 xx 000 0 und d | ||
| 082 |
_b66632 _a736.98 |
||
| 100 | _aजोशी य गो | ||
| 245 | _aकागदाची करामत भाग - 1 (क.क्र.8/2 ) | ||
| 260 |
_bइंद्रायणी साहित्य _c2004 |
||
| 300 | _a96 | ||
| 630 | _aकागदाची करामत भाग - 1 (क.क्र.8/2 ) | ||
| 730 | _aकागदाची करामत भाग - 1 (क.क्र.8/2 ) | ||
| 942 | _cBOOK | ||
| 999 |
_c439099 _d439096 |
||